Central Library and Information Centre
Sibsagar Girls' College, Sivasagar : Assam

BHARATIYA BIGYANAR SAMU PARICHAI (Record no. 4591)

MARC details
000 -LEADER
fixed length control field 00342cam a2200145ua 4500
008 - FIXED-LENGTH DATA ELEMENTS--GENERAL INFORMATION
fixed length control field 191011n II |||gr||||Z||||||asm
040 ## - CATALOGING SOURCE
Original cataloging agency MAIN
041 ## - LANGUAGE CODE
-- English
082 ## - DEWEY DECIMAL CLASSIFICATION NUMBER
Classification number 500 BOR
100 ## - MAIN ENTRY--PERSONAL NAME
Personal name BORMUDOI , MANESWAR.
245 ## - TITLE STATEMENT
Title BHARATIYA BIGYANAR SAMU PARICHAI
942 ## - ADDED ENTRY ELEMENTS (KOHA)
Koha item type Books
653 ## - INDEX TERM--UNCONTROLLED
Uncontrolled term Natural sciences & mathematics
Holdings
Withdrawn status Lost status Damaged status Not for loan Collection code Home library Current library Shelving location Date acquired Full call number Barcode Date last seen Copy number Price effective from Koha item type
        TBSOC Central Library and Information Centre Sibsagar Girls College Central Library and Information Centre Sibsagar Girls College Location Not Found 15.05.1975 500 BOR 04370 27.02.2020 1 27.02.2020 Books
        TBSOC Central Library and Information Centre Sibsagar Girls College Central Library and Information Centre Sibsagar Girls College Location Not Found 15.05.1975 500 BOR 04371 27.02.2020 2 27.02.2020 Books
        TBSOC Central Library and Information Centre Sibsagar Girls College Central Library and Information Centre Sibsagar Girls College Location Not Found 15.05.1975 500 BOR 04372 27.02.2020 3 27.02.2020 Books
        TBSOC Central Library and Information Centre Sibsagar Girls College Central Library and Information Centre Sibsagar Girls College Location Not Found 15.05.1975 500 BOR 04373 27.02.2020 4 27.02.2020 Books


Sibsagar Girl's College © 2020. All rights reserved.
Powered by Koha.
Maintained by Abhijit Borpuzari.